Fight Against Tax Evasion and Tax Fraud on Value Added Tax in the Slovak Republic

Salvato in:
Dettagli Bibliografici
Autore principale: Parajka, Branislav, 1981-
Natura: Capitolo di libro
Lingua:inglese
Tags: Aggiungi Tag
Nessun Tag, puoi essere il primo ad aggiungerne!!

MARC

LEADER 00000nla a2200000 4500
001 0186395
005 20240502083439.0
041 0 |a eng 
044 |a CZ 
245 1 0 |a Fight Against Tax Evasion and Tax Fraud on Value Added Tax in the Slovak Republic  |c Branislav Parajka 
500 |a Abstrakt 
100 1 |a Parajka, Branislav, 1981-